| 000 | 01046nam a2200253Ia 4500 | ||
|---|---|---|---|
| 005 | 20180226122448.0 | ||
| 010 | _aBAC-EN21 ENG-111595 B-663793 | ||
| 020 |
_a9788131525999 _c399.00 |
||
| 020 |
_a8131525996 _c399.00 |
||
| 035 | _aEN-95127 | ||
| 035 | _aB-591651-681 | ||
| 037 |
_bAsian Book Centre/Ven _adpl |
||
| 037 | _bDBAD/PUB | ||
| 082 | _a530 | ||
| 100 | _aSharma,B.M. | ||
| 245 |
_aCrash course in physics for joint entrance examination JEE (Main) / _cby B.M.Sharma |
||
| 260 |
_c2015 _aDelhi _bCengage Learning |
||
| 270 |
_a418,F.I.E.,Patparganj _bDelhi _e110092 |
||
| 300 |
_c24cm(pbk) _avarious pagings : _bill. |
||
| 490 | _aCengage Learning's exam crack sries | ||
| 942 |
_cEN _2ddc _mSHA _h530 |
||
| 999 |
_c87959 _d87959 |
||